00900ngm a2200229 a 450000500170000000800410001708200180005824500590007625000190013530000620015449000140021650000900023065000660032065000440038665000470043070000280047726400420050533600270054733700330057433800280060704000350063520220317001249.0160825s1991 ck g 000 0 spa 04a791.43 bM14d10aDanzóncdirección María Novarohvideograbación a1a. edición  a1 videocasete en VHS (120 minutos)bsonido, colorc20 cm  aLa maleta aLa película pertenece a la colección La Maleta. Dirigida para un público adulto142LEMBaPelículas cinematográficas mexicanasvVideocasetes 142LEMB aCine de aventurasvVideocasetes 142LEMB aCine latinoamericanovVideocasetes 1 aNovaro, Maríad1951-  aBogotábMinisterio de Culturac1991 atextobtxt2rdacontent asin mediaciónbn2rdamedia avolumenbnc2rdacarrier aCO-BoRNBPbspaerdacCO-BoRNBP